Engineering Mechanics (EM) (Record no. 553662)

000 -LEADER
fixed length control field 00374nam a22001337a 4500
082 ## - DEWEY DECIMAL CLASSIFICATION NUMBER
Classification number CP36
Author Mark CE-101
100 ## - MAIN ENTRY--PERSONAL NAME
Personal name Maj Syed Mohsin Ali
9 (RLIN) 50911
245 ## - TITLE STATEMENT
Title Engineering Mechanics (EM)
Statement of responsibility, etc. Maj Syed Mohsin Ali
250 ## - EDITION STATEMENT
Edition statement Fall-2015
260 ## - PUBLICATION, DISTRIBUTION, ETC.
Place of publication, distribution, etc. Risalpur
Name of publisher, distributor, etc. MCE
Date of publication, distribution, etc. Fall-2015
500 ## - GENERAL NOTE
General note CED-85, Section C,D
526 ## - STUDY PROGRAM INFORMATION NOTE
Program name 0
Interest level 0
Reading level 0
Title point value CP_000000000000000_36_CE101
942 ## - ADDED ENTRY ELEMENTS (KOHA)
Source of classification or shelving scheme
Koha item type Book Bank
Holdings
Withdrawn status Lost status Source of classification or shelving scheme Damaged status Not for loan Permanent Location Current Location Date acquired Total Checkouts Full call number Barcode Date last seen Date last checked out Price effective from Koha item type
          Military College of Engineering (MCE) Military College of Engineering (MCE) 02/24/2016 7 CP36 CE-101 MCE-CP36 09/30/2019 09/26/2018 02/24/2016 Book Bank
© 2023 Central Library, National University of Sciences and Technology. All Rights Reserved.